000 00523nam a2200193Ia 4500
001 46931
008 140429s9999 xx 000 0 und d
020 _aNA
040 _cPK-LaUMT
082 _aRHC 891.4393
_bSAL-S
100 _aMoazuddin
245 _aSareer khaamaa (Urdu)
_bUrdu mein afsaanavi adab
_cMoazuddin<>Salahuddin Ahmed
260 _aLahore,Pakistan:
_bMaqbool Publications,
_c1969
300 _a400 p.
546 _aUR
650 _aPakistani literature-Urdu
700 _aSalahuddin Ahmed
942 _cBK
999 _c44880
_d44880